00238nam a22001097a 4500003000400000020001800004082001500022100002100037245003300058260002900091300000800120SGT a81-8204-014-0 a641.2bSIN aSINGH, DR. R.K.  aBAR AND BEVERAGE MANAGEMENT  aDELHI bAMAN PUB. c2010 a272